000 00691nam a2200193 i 4500
001 183454
003 ES-MaACL
005 20230906221910.0
008 140625q19001925sp |||| | spa d
080 _a821.111(94)-32"18"
100 1 _aBoothby, Guy (
_d1867-1905)
_9126075
245 1 3 _aLa hermosa corsaria
_b: novela escrita en inglés /
_cpor Guy Boothby (autor de El doctor Nikola).
260 _aMadrid :
_b[s.n.,
_c19-?]
300 _a60 p. :
_bil. ;
_c26 cm.
490 1 _aBiblioteca de Alrededor del Mundo
830 0 _aBiblioteca de Alrededor del Mundo
_9187712
852 _aES-MaACL
_jG-6060(2)
_q.- Faltan p. 5-8
_z.- Encuadernado con otras obras
999 _c183454
_d183454